000 00293nam a2200121Ia 4500
008 241028s9999 xx 000 0 und d
041 _aeng
082 _a658.83 AAK
100 _aAaker, Das
245 _aMarketing Research
260 _bWiley India
_aNew Delhi
_c2019
300 _a610;. P. 27 cm
999 _c43010
_d43010